| 000 | 01970nam a2200241 a 4500 | ||
|---|---|---|---|
| 001 | BS0002929 | ||
| 003 | BR-BrBNA | ||
| 005 | 20230824161514.0 | ||
| 008 | 230308b |||||||| |||| 00| 0 por d | ||
| 040 |
_aBR-BrBNA _bpor _cBiblioteca Nacional de Agricultura |
||
| 041 | _apor | ||
| 072 | _aS03 | ||
| 090 | _aS03 BS0002929 | ||
| 100 | 1 | _aRosa, Carlos Augusto de Proença. | |
| 245 | 1 | _aHistória da Ciência: da Antiguidade ao Renascimento Científico / | |
| 250 | 1 | _a2. ed. | |
| 260 | 3 |
_aBrasília, DF: _bFundação Alexandre Gusmão, _c2012. |
|
| 300 | _a469 p. | ||
| 520 | 3 | _aO volume 1 da História da Ciência trata da evolução da Filosofia Natural desde seus primórdios na Civilização Grega até o chamado Renascimento Científico na Europa, ou seja, até o final do século XVI. Para melhor entendimento dessa evolução a partir da cultura helênica, o autor examina rapidamente os Tempos Pré-Históricos e as Primeiras Grandes Civilizações para demonstrar que, na falta de pensamento inquisitivo e analítico, não haveria condições para o desenvolvimento do pensamento científico e, por conseguinte, o advento da Ciência. Após longo capítulo em que recapitula as grandes realizações da Filosofia Natural grega nos diversos campos (Matemática, Astronomia, Mecânica, História Natural, Biologia)e as contribuições de seus pensadores e pesquisadores, Proença Rosa estuda as culturas orientais, em particular, o mundo árabe islâmico e dedica um capítulo ah período medieval europeu, de inegável avanço nas iniciativas de entender os fenômenos naturais. Segue-se o período conhecido como Renascimento Científico, outro longo capítulo que examina o extraordinário progresso do conhecimento humano, após a recuperação da cultura grega antiga, postas em destaque as realizações na Matemática, na Astronomia, na História Natural e na Anatomia clássicas. | |
| 650 | _aCIÊNCIAS | ||
| 650 | _aHISTÓRIA | ||
| 942 |
_cBK _2AGRIS |
||
| 999 |
_c7990 _d7990 |
||